| 000 | 00677nam a2200217 a 4500 | ||
|---|---|---|---|
| 008 | |||
| 049 | _aMAIN | ||
| 090 |
_aKJC1564.A37A-Z _bJON |
||
| 100 | 1 | _aJones, Tim. | |
| 245 | 1 | 0 |
_aUncovering Zimbabwe's debt: _bthe case for a democratic solution to the unjust debt burden/ _cTim Jones. |
| 260 |
_aLondon : _bThe Grayston centre, _c2011. |
||
| 300 |
_a53 p. : _bill. : _30 cm. |
||
| 504 | _aIncludes bibliographical references. | ||
| 650 | _aDebt relief. | ||
| 650 | _aDebt recovery. | ||
| 907 |
_a.b10344822 _b24-03-15 _c14-07-14 |
||
| 003 | |||
| 005 | 20230123122136.0 | ||
| 040 | _cNUST | ||
| 942 |
_cBOOKS _kKJC1564.A37A-Z _mJON |
||
| 999 |
_c128534 _d128534 |
||